Proyecto de señalización para el Museo Franz Mayer. (Record no. 5754)

MARC details
000 -CABECERA
campo de control de longitud fija 00729nam a2200205 a 4500
001 - NÚMERO DE CONTROL
campo de control BRCA_6067
005 - FECHA Y HORA DE LA ÚLTIMA TRANSACCIÓN
campo de control 20190320205323.0
008 - DATOS DE LONGITUD FIJA--INFORMACIÓN GENERAL
campo de control de longitud fija 120608s1997----mx-a---###---#000-0#spa-#
050 #4 - SIGNATURA TOPOGRÁFICA DE LA BIBLIOTECA DEL CONGRESO
Número de clasificación N910.M42
Número de documento/Ítem .O43 1997
100 1# - ENTRADA PRINCIPAL--NOMBRE DE PERSONA
Nombre de persona Olaeta Gambao, Silvia Paola
9 (RLIN) 15325
245 10 - MENCIÓN DE TÍTULO
Título Proyecto de señalización para el Museo Franz Mayer.
260 ## - PUBLICACIÓN, DISTRIBUCIÓN, ETC.
Lugar de publicación, distribución, etc. Ciudad de México
Fecha de publicación, distribución, etc. 1997
300 ## - DESCRIPCIÓN FÍSICA
Extensión 99 p.
Otras características físicas il.
502 ## - NOTA DE TESIS
Nota de tesis Tesis Licenciatura (Licenciado en Diseño Gráfico) Universidad Iberoamericana
610 24 - PUNTO DE ACCESO ADICIONAL DE MATERIA--NOMBRE DE ENTIDAD CORPORATIVA
Nombre de entidad corporativa o nombre de jurisdicción como elemento de entrada Museo Franz Mayer (Ciudad de México)
Subdivisión general Señalización y comunicación visual
9 (RLIN) 15326
650 14 - PUNTO DE ACCESO ADICIONAL DE MATERIA--TÉRMINO DE MATERIA
Término de materia o nombre geográfico como elemento de entrada Museografía
Subdivisión geográfica México
9 (RLIN) 5753
700 1# - PUNTO DE ACCESO ADICIONAL--NOMBRE DE PERSONA
Nombre de persona Salazar Larios, Verónica Pilar
Término indicativo de función/relación Coautor
9 (RLIN) 15327
902 ## - CATALOGADOR
Iniciales TES
942 ## - ELEMENTOS DE PUNTO DE ACCESO ADICIONAL (KOHA)
Fuente del sistema de clasificación o colocación Library of Congress Classification
Tipo de ítem Koha Tesis
Holdings
Estado de retiro Estado de pérdida Estado dañado No para préstamo Localización permanente Ubicación/localización actual Fecha de adquisición Total de préstamos Signatura topográfica completa Código de barras Fecha visto por última vez Precio válido a partir de Tipo de ítem Koha
El ejemplar forma parte de la colección y puede ser consultado según las políticas vigentes.       Biblioteca del Museo Franz Mayer (Rogerio Casas-Alatriste) Biblioteca del Museo Franz Mayer (Rogerio Casas-Alatriste) 24/05/2011   N910.M42 .O43 1997 TES00033 22/03/2019 22/03/2019 Tesis